Towards Effective Oral Communication / (Record no. 27225)

000 -LEADER
fixed length control field 00825nam a22002537a 4500
001 - CONTROL NUMBER
control field 0000003841
003 - CONTROL NUMBER IDENTIFIER
control field PPM
005 - DATE AND TIME OF LATEST TRANSACTION
control field 20260423150715.0
008 - FIXED-LENGTH DATA ELEMENTS--GENERAL INFORMATION
fixed length control field 260423b ||||| |||| 00| 0 eng d
020 ## - INTERNATIONAL STANDARD BOOK NUMBER
International Standard Book Number 9789833927111
Qualifying information Paperback
035 ## - SYSTEM CONTROL NUMBER
System control number 0000003841
040 ## - CATALOGING SOURCE
Language of cataloging Eng
Transcribing agency Pusat Penyelidikan Mineral, Jabatan Mineral Dan Geosains Malaysia
Modifying agency PPM
Description conventions RDA
082 00 - DEWEY DECIMAL CLASSIFICATION NUMBER
Edition number 22
Classification number 302.2242
Item number TOW 2007
245 10 - TITLE STATEMENT
Title Towards Effective Oral Communication /
Statement of responsibility, etc. by Sahirah Marzuki ... [et al].,
250 ## - EDITION STATEMENT
Edition statement 2nd.ed
260 #1 - PUBLICATION, DISTRIBUTION, ETC.
Place of publication, distribution, etc. Selangor :
Name of publisher, distributor, etc. Prentice Hall ,
Date of publication, distribution, etc. 2007
300 00 - PHYSICAL DESCRIPTION
Extent 150 pages .:
Other physical details illustrations .;
Dimensions 24 cm
504 ## - BIBLIOGRAPHY, ETC. NOTE
Bibliography, etc. note Includes bibliographical references (p.: 149 - 150)
650 10 - SUBJECT ADDED ENTRY--TOPICAL TERM
Topical term or geographic name entry element Oral communication
650 20 - SUBJECT ADDED ENTRY--TOPICAL TERM
Topical term or geographic name entry element Communication
650 20 - SUBJECT ADDED ENTRY--TOPICAL TERM
Topical term or geographic name entry element Public speaking
700 1# - ADDED ENTRY--PERSONAL NAME
Personal name Sahirah Marzuki
Relator term author
942 ## - ADDED ENTRY ELEMENTS (KOHA)
Source of classification or shelving scheme
Koha item type Books
Holdings
Withdrawn status Lost status Source of classification or shelving scheme Damaged status Not for loan Collection code Permanent Location Current Location Shelving location Date acquired Total Checkouts Full call number Date last seen Price effective from Koha item type
Available         Open Shelf PPM PPM Open Shelf 23/04/2026   302.2242 TOW 2007 23/04/2026 23/04/2026 Books